[Event "IRI-chT (Women) 8th"]
[Site "Qazvin"]
[Date "2014.12.29"]
[Round "1.3"]
[White "Bagheri, Taleghani Nadia"]
[Black "Aliakbari, Hanieh"]
[Result "1/2-1/2"]
[WhiteElo "1744"]
[BlackElo "1770"]
[PlyCount "60"]
[EventDate "2014.12.29"]
[EventType "team-tourn"]
[EventRounds "7"]
[EventCountry "IRI"]
[SourceTitle "CBM 164 Extra"]
[Source "ChessBase"]
[SourceDate "2015.03.02"]
[SourceVersion "1"]
[SourceVersionDate "2015.03.02"]
[SourceQuality "1"]
[WhiteTeam "Nassaji Melal Alborz (W)"]
[BlackTeam "Nokhbegan Gilan (W)"]
[WhiteTeamCountry "IRI"]
[BlackTeamCountry "IRI"]

1. e4 e5 2. Nf3 Nc6 3. Bb5 f5 4. d4 fxe4 5. Bxc6 dxc6 6. Nxe5 Bf5 7. 0-0 Bd6 8. Nc3 Qh4 9. Qe2 Nf6 10. f3 0-0 11. fxe4 Bxe5 12. dxe5 Nxe4 13. Qc4+ Kh8 14. Be3 b5 15. Qxc6 Nxc3 16. Qxc3 Be4 17. Qb4 c5 18. Bxc5 Qg4 19. Qd2 Rfd8 20. Qf2 h6 21. Rfe1 Bc6 22. e6 Rd5 23. e7 Re8 24. b4 Rg5 25. g3 Rf5 26. Qe2 Qg6 27. Qe6 Rf6 28. Qe5 Qxc2 29. Re2 Qc4 30. Rae1 Qd3 1/2-1/2

[Event "IRI-ch (Women)"]
[Site "Rasht"]
[Date "2013.12.07"]
[Round "10"]
[White "Aliakbari, Hanieh"]
[Black "Khachatourians, Teni"]
[Result "1/2-1/2"]
[WhiteElo "1755"]
[BlackElo "1735"]
[PlyCount "142"]
[EventDate "2013.11.30"]
[EventType "swiss"]
[EventRounds "11"]
[EventCountry "IRI"]
[SourceTitle "CBM 157 Extra"]
[Source "ChessBase"]
[SourceDate "2013.12.19"]
[SourceVersion "1"]
[SourceVersionDate "2013.12.19"]
[SourceQuality "1"]

1. e4 d5 2. exd5 Nf6 3. Nc3 Nxd5 4. Bc4 c6 5. Qf3 Be6 6. Nge2 Nd7 7. d4 N7f6 8. 0-0 Nxc3 9. Qxc3 Bxc4 10. Qxc4 e6 11. Qb3 Qd7 12. Qg3 Ne4 13. Qd3 Nd6 14. c3 Nf5 15. Ng3 Nxg3 16. Qxg3 g6 17. Re1 Bd6 18. Qh4 Be7 19. Bg5 h6 20. Bxe7 Qxe7 21. Qxe7+ Kxe7 22. a4 a5 23. Ra3 Rab8 24. Re5 b6 25. Kf1 Rhd8 26. Ke2 Rd5 27. Ke3 c5 28. Rb3 cxd4+ 29. cxd4 Kd6 30. Rxd5+ exd5 31. Kf4 f6 32. h4 g5+ 33. hxg5 fxg5+ 34. Kg4 Kc6 35. Rf3 b5 36. Rb3 b4 37. g3 Rf8 38. f3 Re8 39. Kf5 Kd6 40. Kg6 Re6+ 41. Kh5 Ke7 42. f4 gxf4 43. gxf4 Re4 44. Kxh6 Rxf4 45. Kg5 Rxd4 46. Kf5 Re4 47. Rd3 Kd6 48. Rd2 Kc5 49. Rc2+ Rc4 50. Rd2 d4 51. Ke5 b3 52. Rd3 Kb4 53. Rxd4 Kc5 54. Rd5+ Kc6 55. Rd6+ Kc7 56. Rd3 Rb4 57. Kd5 Kb6 58. Rc3 Kb7 59. Rc4 Rb6 60. Rc5 Rb4 61. Rxa5 Kb6 62. Ra8 Kb7 63. Kc5 Rf4 64. Ra5 Kc7 65. Ra7+ Kb8 66. Ra5 Kc7 67. Ra6 Rf2 68. Kb4 Rxb2 69. Ka3 Rb1 70. Rg6 b2 71. Rg2 Ra1+ 1/2-1/2

[Event "Arak op (Women) 15th"]
[Site "Arak"]
[Date "2012.07.19"]
[Round "10"]
[White "Aliakbari, Hanieh"]
[Black "Ghaemmaghami, Pegah"]
[Result "0-1"]
[WhiteElo "1772"]
[BlackElo "1621"]
[PlyCount "104"]
[EventDate "2012.07.13"]
[EventType "swiss"]
[EventRounds "11"]
[EventCountry "IRI"]
[SourceTitle "CBM 149 Extra"]
[Source "ChessBase"]
[SourceDate "2012.08.24"]
[SourceVersion "1"]
[SourceVersionDate "2012.08.24"]
[SourceQuality "1"]

1. e4 c6 2. d4 d5 3. Nc3 dxe4 4. Nxe4 Bf5 5. Ng3 Bg6 6. h4 h6 7. Nf3 Nd7 8. h5 Bh7 9. Bd3 Bxd3 10. Qxd3 Ngf6 11. Bd2 Qc7 12. 0-0-0 e6 13. Qe2 0-0-0 14. Ne5 Nb6 15. Ba5 Rd5 16. Bxb6 axb6 17. c4 Ra5 18. Kb1 Bd6 19. f4 b5 20. c5 Bxe5 21. fxe5 Ra4 22. Qe1 Nd5 23. Ne4 Kb8 24. Nd6 Ka7 25. Rf1 f5 26. exf6 gxf6 27. Qg3 Qh7+ 28. Qd3 Rxd4 29. Qxh7 Rxd1+ 30. Rxd1 Rxh7 31. Re1 e5 32. Nf5 Nf4 33. g3 Nxh5 34. Rh1 Ng7 35. Rxh6 Rxh6 36. Nxh6 b6 37. cxb6+ Kxb6 38. Kc2 Kc5 39. Kd3 f5 40. Ke3 Kd5 41. Nf7 Ne6 42. Nh6 Nd4 43. Nf7 Nc2+ 44. Kd2 Nb4 45. a3 Na6 46. Ng5 Nc5 47. Ke3 Na4 48. b3 Nc5 49. b4 Na4 50. Nf3 Nb2 51. Nh4 Nc4+ 52. Kf3 Ke6 0-1